Apología y crítica de España en el siglo XVIII (Registro nro. 162331)

Detalles MARC
000 -LEADER
fixed length control field 00800nam a22002177a 4500
005 - DATE AND TIME OF LATEST TRANSACTION
control field 20220601120912.0
008 - FIXED-LENGTH DATA ELEMENTS--GENERAL INFORMATION
fixed length control field 220601b spa ||||| |||| 00| 0 sp d
020 ## - INTERNATIONAL STANDARD BOOK NUMBER
International Standard Book Number 8495379708
050 04 - LIBRARY OF CONGRESS CALL NUMBER
Classification number DP63
Item number M37 2003
100 1# - MAIN ENTRY--PERSONAL NAME
Personal name Mestre, Antonio.
245 10 - TITLE STATEMENT
Title Apología y crítica de España en el siglo XVIII
Statement of responsibility, etc / Antonio Mestre Sanchis
260 ## - PUBLICATION, DISTRIBUTION, ETC. (IMPRINT)
Place of publication, distribution, etc Madrid :
Name of publisher, distributor, etc Marcial Pons,
Date of publication, distribution, etc 2003.
300 ## - PHYSICAL DESCRIPTION
Extent 372 p. ;
Dimensions 21 cm.
490 ## - SERIES STATEMENT
Series statement Colección : Biblioteca clásica
650 #7 - SUBJECT ADDED ENTRY--TOPICAL TERM
Source of heading or term Lemb
Topical term or geographic name as entry element Historiografía
General subdivision Historia
Chronological subdivision Siglo XVIII
Geographic subdivision España
651 #7 - SUBJECT ADDED ENTRY--GEOGRAPHIC NAME
Source of heading or term Lemb
Geographic name España
General subdivision Historiografía
651 #7 - SUBJECT ADDED ENTRY--GEOGRAPHIC NAME
Source of heading or term Lemb
Geographic name España
General subdivision Vida intelectual
Chronological subdivision Siglo XVIII
651 #7 - SUBJECT ADDED ENTRY--GEOGRAPHIC NAME
Source of heading or term Lemb
Geographic name España
General subdivision Relaciones
Geographic subdivision Europa
651 #7 - SUBJECT ADDED ENTRY--GEOGRAPHIC NAME
Source of heading or term Lemb
Geographic name España
General subdivision Opinión pública extranjera
-- Historia
Chronological subdivision Siglo XVIII
942 ## - ADDED ENTRY ELEMENTS (KOHA)
Source of classification or shelving scheme Biblioteca del Cogreso de los Estados Unidos
Koha item type Libro
Existencias
Estado de pérdida Fuente de clasificación Estado del daño No para préstamo Ubicación permanente Ubicación actual Apartado o colección Fecha de adquisición Edición Área del conocimiento Total Checkouts Clasificación Código de Barras Date last seen Número de copia Costo por reposición Tipo de recurso
  Biblioteca del Cogreso de los Estados Unidos     Biblioteca del Instituto de Investigaciones Históricas Biblioteca del Instituto de Investigaciones Históricas General 01/06/2022 1a ed. Ciencias Sociales y Administrativas   DP63 M37 2003 IIH000032927 01/06/2022 C:1 1.00 Libro